000 nam a22 7a 4500
999 _c10167
_d10167
008 180212b ||||| |||| 00| 0 eng d
100 _aVerma, S
_96171
245 _aExcellence in maths class- VII
260 _aNew Delhi
_bPrachi publication
_c2013